Statistiques concernant Acteurs français ayant eu le plus de succès

Cliquez ici pour prendre le quiz!

Statistiques générales

  • Ce quiz a été pris 614 fois
    (612 depuis la dernière actualisation)
  • Le résultat moyen est 8 sur 15

Statistiques - réponses

Nombre de spectateurs cumulés (en millions)Acteur% Correct
272,6Louis de Funès
90%
205Bourvil
75%
216,6Gérard Depardieu
75%
159,6Jean-Paul Belmondo
69%
136,6Alain Delon
67%
124,3Christian Clavier
66%
161,4Jean Gabin
61%
202Fernandel
51%
109,9Thierry Lhermitte
48%
130,2Lino Ventura
46%
214,5Michel Galabru
36%
145,9Michel Serrault
28%
116,5Philippe Noiret
28%
103,4Jean Marais
19%
105,9Claude Brasseur
15%

Distribution des résultats

Percentile par nombre de réponses

% des personnes avec chaque résultat

Votre développement - résultats

Vous n’avez pas pris ce quiz depuis la dernière actualisation